| 000 | 02466cam a22005054a 4500 | ||
|---|---|---|---|
| 001 | muse84123 | ||
| 003 | MdBmJHUP | ||
| 005 | 20210127151525.0 | ||
| 006 | m o d | ||
| 007 | cr||||||||nn|n | ||
| 008 | 200305s2019 nbu o 00 0 eng d | ||
| 020 | _a9780989353762 | ||
| 020 | _a0989353761 | ||
| 020 | _z9780989353748 | ||
| 020 | _z0989353745 | ||
| 020 | _z9780989353731 | ||
| 035 | _a(OCoLC)1143219726 | ||
| 040 |
_aMdBmJHUP _cMdBmJHUP |
||
| 245 | 0 | 0 |
_aNebraska Isolation and Quarantine Manual _cedited by Theodore J. Cieslak, Mark G. Kortepeter, Christopher J. Kratochvil, and James V. Lawler. |
| 264 | 1 | _bUniversity of Nebraska Press, | |
| 264 | 3 | _bProject MUSE, | |
| 300 | _a1 online resource (1 online resource.) | ||
| 505 | 0 | _aTiered national system for response to outbreaks -- Legal considerations for quarantine and isolation -- Pathogens of concern -- Quarantine operations -- Management of the person under investigation (PUI) -- Conventional isolation -- High level containment care (HLCC) operations -- Patient care in high level containment care (HLCC) units -- Viral hemorrhagic fevers -- Airborne diseases -- Orthopoxviruses -- Miscellaneous diseases -- Diseases warranting airborne precautions -- Other quarantinable diseases -- Special populations -- Laboratory operations -- Transportation -- Waste handling -- Mortuary affairs -- Public health partnership -- Clinical research in a biocontainment environment. | |
| 506 | 0 |
_aOpen Access _fUnrestricted online access _2star |
|
| 588 | _aDescription based on print version record. | ||
| 650 | 2 | 0 | _aCommunicable Disease Control. |
| 650 | 2 | 0 |
_aPatient Isolation _xmethods. |
| 650 | 1 | 0 |
_aQuarantine _xmethods. |
| 650 | 0 | _aQuarantine. | |
| 610 | 2 | 0 | _aUniversity of Nebraska Medical Center. |
| 655 | 0 | _aElectronic books. | |
| 655 | 7 |
_aElectronic books. _2local |
|
| 700 | 1 |
_aLawler, James V., _eeditor. |
|
| 700 | 1 |
_aKratochvil, Christopher J., _eeditor. |
|
| 700 | 1 |
_aKortepeter, Mark, _eeditor. |
|
| 700 | 1 |
_aCieslak, Ted, _eeditor. |
|
| 710 | 2 |
_aUniversity of Nebraska Press, _eissuing body. |
|
| 710 | 2 |
_aProject Muse. _edistributor |
|
| 830 | 0 | _aBook collections on Project MUSE. | |
| 856 | 4 | 0 |
_zFull text available: _uhttps://muse.jhu.edu/book/73937/ |
| 999 |
_c26054 _d26054 |
||